<?xml version="1.0" encoding="UTF-8"?>
<marc:record xmlns:marc="http://www.loc.gov/MARC21/slim">
   <marc:leader>00000nam a2200000 a 4500</marc:leader>
   <marc:datafield ind1="1" ind2=" " tag="100">
      <marc:subfield code="a">Gran, Sara ::[VerfasserIn]::</marc:subfield>
      <marc:subfield code="4">aut</marc:subfield>
      <marc:subfield code="e">Verfasser/-in</marc:subfield>
   </marc:datafield>
   <marc:datafield ind1="1" ind2=" " tag="100">
      <marc:subfield code="a">Bonné, Eva :</marc:subfield>
   </marc:datafield>
   <marc:datafield ind1="0" ind2="0" tag="245">
      <marc:subfield code="a">::Das:: Ende der Lügen</marc:subfield>
   </marc:datafield>
   <marc:datafield ind1="0" ind2="0" tag="245">
      <marc:subfield code="b">Kriminalroman</marc:subfield>
   </marc:datafield>
   <marc:datafield ind1="0" ind2="0" tag="245">
      <marc:subfield code="c">Sara Gran ; aus dem amerikanischen Englisch von Eva Bonné</marc:subfield>
   </marc:datafield>
   <marc:datafield ind1=" " ind2="1" tag="264">
      <marc:subfield code="a">München</marc:subfield>
      <marc:subfield code="b">Heyne</marc:subfield>
      <marc:subfield code="c">2019</marc:subfield>
   </marc:datafield>
   <marc:datafield ind1="1" ind2=" " tag="520">
      <marc:subfield code="a">Nach längerer Ermittlungspause ergibt sich für Claire de Witt (zuletzt "Das Ende der Welt", ID-A 15/13) ein neuer Fall. Mittelpunkt ist sie selbst, denn nur knapp entgeht sie einem Anschlag. Mutig und ehrgeizig wie immer nimmt sie die Verfolgung des Verdächtigen auf. Schon bald hat sie einen Schuldigen, nämlich einen Silette-Jünger namens Jay Gleason, der schon vor Jahren abgetaucht ist. In ihrer Jugend war Claire Teil einer Mädchendetektivgruppe, die auf den Spuren der Groschenheft-Ermittlerin Cynthia Silverton wandelte und nach dem Buch "Détection" des grossen französischen Kriminalisten Jacques Silette handelte. Gran dringt in ihrem 3. Krimi mit der Protagonistin und Heldin tief in die Psyche von Claire ein und erinnert an deren Zeit der Drogenabstürze, Depressionen und Rastlosigkeit. Die Aufklärung ihres eigenen Falls bringt Claire auch der Lösung ihres Lebensrätsels immer näher. Anspruchsvoll mit vielen philosophischen Gedanken, in zwei Handlungsebenen aufgebaut, unbedingt breit empfohlen. Die Autorin wurde für Band 1 mit dem deutschen Krimipreis ausgezeichnet</marc:subfield>
   </marc:datafield>
   <marc:datafield ind1=" " ind2=" " tag="020">
      <marc:subfield code="a">9783453271562</marc:subfield>
      <marc:subfield code="9">9783453271562</marc:subfield>
   </marc:datafield>
   <marc:datafield ind1=" " ind2=" " tag="020">
      <marc:subfield code="a">3453271564</marc:subfield>
      <marc:subfield code="9">3453271564</marc:subfield>
   </marc:datafield>
   <marc:datafield ind1="3" ind2=" " tag="024">
      <marc:subfield code="a">9783453271562</marc:subfield>
   </marc:datafield>
   <marc:datafield ind1=" " ind2=" " tag="542">
      <marc:subfield code="d">Wilhelm Heyne Verlag &lt;München&gt; ::[Verlag]::</marc:subfield>
   </marc:datafield>
   <marc:datafield ind1=" " ind2=" " tag="300">
      <marc:subfield code="a">347 Seiten</marc:subfield>
   </marc:datafield>
</marc:record>
